Responses for Show #3961 - Monday, November 19, 2001

2001 College Championship final game 1.
From the campus at UCLA.

(Sarah: I'm Sarah of the Clue Crew: Today, I do something new. Next on Jeopardy! Hey! Which one's chocolate?)

Contestants

[<< previous game]

Matt Schnippert, a sophomore at Florida State University from Jacksonville, Florida

Thomas Zamora, a junior at the University of Southern California from Cypress, California

Vinita Kailasanath, a sophomore at Stanford University from Laurel, Maryland

[next game >>]

Jeopardy! Round responses

BRIDGING THE WORLD
(Alex: We want you to name the major city each bridge serves. We'll give you the bridge.)
OLD GLORY
POETRY FILL IN THE BLANK
GOOD EATS
ALL SPORT
COW TIPPING
    $100 1
New York City

Matt
    $100 6
by burning

Thomas
    $100 11
beauty

Vinita
    $100 16
a Caesar salad

Thomas
    $100 21
the Baltimore Ravens

Matt
    $100 26
a branding iron

Matt
    $200 2
San Francisco-Oakland

Matt
    $200 7
Wisconsin

Thomas
    $200 12
Annabel Lee

Matt
    $200 17
an eggplant

Matt
    $200 22
(Thomas: What is luge?)

a bobsled

VinitaThomas
    $200 27
hoof-and-mouth

Thomas
    $300 3
New Orleans

Vinita
    $300 8
Lexington

Matt
    $300 13
The fog

Vinita
    $300 18
macadamia nuts

Matt
    $300 23
the Atlanta Braves

Matt
    $300 28
homogenized

Matt
    $400 4
Paris

Thomas
    $400 9
(John Paul) Jones

Vinita
    $400 14
peach

Matt
    $1,000 19
a pomegranate

Matt
    $400 24
gymnastics

Matt
    $400 29
the stomach

Matt
    $500 5
Venice

Matt
    $500 10
(Vinita: Who are the Minutemen?)
...
(Alex: Oh, Matt, you knew that, but you didn't ring in.)

the Sons of Liberty

Vinita
Triple Stumper
    $500 15
(Vinita: What is eternity?)
(Matt: What is thee?)
...
(Alex: Emily Dickinson.)

immortality

VinitaMatt
Triple Stumper
    $500 20
crabs

Thomas
    $500 25
10,000 meters

Thomas
    $500 30
methane

Thomas

Scores at the first commercial break (after clue 15):

Vinita Thomas Matt
$100 $700 $1,200

Scores at the end of the Jeopardy! Round:

Vinita Thomas Matt
$300 $2,300 $4,300

Double Jeopardy! Round responses

BIG WOMEN ON CAMPUS
THEATRE STUFF
COLLEGE MOVIES
MUSIC CLASS
"I" OPENERS
CLOSERS
    $200 1
Oxford

Thomas
    $200 11
Streetcar Named Desire

Vinita
    $200 2
Eddie Murphy

Vinita
    $200 27
a grand piano

Thomas
    $200 29
[The end-of-round signal sounds.]

the ignition

Matt
    $400 3
West Point

Thomas
    $400 14
commedia dell'arte

Vinita
    $400 4
Dublin

Vinita
    $400 28
a recorder

Matt
    $400 22
(Alex: Right, and a minute to go now.)

ironic

Vinita
    $400 26
champagne

Matt
    $600 8
espionage

Matt
    $600 18
the Actors Studio

Thomas
    $600 5
Legally Blonde

Matt
    $600 17
a xylophone

Matt
    $600 21
Istanbul

Thomas
    $600 25
(Thomas: What is the stable?)

the barn door

Thomas
Triple Stumper
    $800 9
Miami

Thomas
    $3,000 19
(Thomas: Um... [Sighs] I just don't know.)
(Alex: Wanna pick a name?)
(Thomas: Uh... I don't know. [*]?)
(Alex: Yes!)
(Thomas: Who is [*]? Who is [*]?)
[Extreme cheering and screaming; the camera turns on two rows of fans in USC attire jumping for joy.]
(Alex: Aw! Aw! Talk about pulling something out of thin air.)

Ionesco

Thomas
    $800 6
Flubber

Vinita
    $800 15
the blues

Vinita
    $1,600 12
ichthyology

Vinita
    $800 24
Shut Down

Vinita
    $1000 10
(Vinita: What is Yeshiva?)

Rockefeller University

Vinita
Triple Stumper
    $1000 20
Jacobean

Vinita
    $1000 7
MIT

Vinita
    $1000 16
(Sir Edward) Elgar

Vinita
    $1000 13
immunity

Matt
    $1000 23
suture

Triple Stumper

Scores at the end of the Double Jeopardy! Round:

Vinita Thomas Matt
$7,900 $7,500 $8,100

Final Jeopardy! Round responses

AMERICAN LITERATURE
[The UCLA Marching Band plays the "Think!" music during Final Jeopardy!]
ThomasWhat is The Pearl?
$5,000
VinitaWhat is Of Mice & Men?
$5,000
MattWhat is Of Mice and Men?
$2,900
Of Mice and Men

Final scores:

Vinita Thomas Matt
$12,900 $2,500 $11,000

Game dynamics:

Coryat scores:

Vinita Thomas Matt
$7,100 $5,300 $7,500
17 R
(including 1 DD),
3 W
15 R
(including 1 DD),
2 W
22 R
(including 1 DD),
1 W

Combined Coryat: $19,900

[game clues] [game scores] [suggest correction]

Game tape date: 2001-10-07
The J! Archive is created by fans, for fans. Scraping, republication, monetization, and malicious use prohibited; this site may use cookies and collect identifying information. See terms. The Jeopardy! game show and all elements thereof, including but not limited to copyright and trademark thereto, are the property of Jeopardy Productions, Inc. and are protected under law. This website is not affiliated with, sponsored by, or operated by Jeopardy Productions, Inc. Join the discussion at JBoard.tv.